000 00286nam a22001337a 4500
008 171031b xxu||||| |||| 00| 0 eng d
020 _a9780226504544
041 _aeng
080 _a33
100 _a59
101 _aBUS
245 _aCORPORATE FUTURES
_cMARCUS.G.E
942 _2udc
_cBK
999 _c36895
_d36895